A gospel synopsis of the Greek text of Matthew, Mark and Luke : (Registro nro. 61930)

Detalles MARC
000 -LEADER
campo de control de longitud fija 01335cam a2200373 i 4500
003 - IDENTIFICADOR DE NÚMERO DE CONTROL
campo de control PE-LiUPU
005 - FECHA Y HORA DE LA ÚLTIMA TRANSACCIÓN
campo de control 20250731173559.0
008 - DATOS DE LONGITUD FIJA--INFORMACIÓN GENERAL
campo de control de longitud fija 140407s2014 ne b 001 0 grc
020 ## - NÚMERO INTERNACIONAL ESTÁNDAR DEL LIBRO
Número Internacional Estándar del Libro 9789004262133
040 ## - FUENTE DE CATALOGACIÓN
Lengua de catalogación spa
Centro/agencia transcriptor PE-LiUPU
Centro/agencia modificador PE-LiUPU
Normas de descripción rda
082 00 - NÚMERO DE LA CLASIFICACIÓN DECIMAL DEWEY
Número de clasificación 226
Número de edición 20
Cutter G676
245 02 - MENCIÓN DEL TÍTULO
Título A gospel synopsis of the Greek text of Matthew, Mark and Luke :
Resto del título a comparison of Codex Bezae and Codex Vaticanus /
Mención de responsabilidad, etc. Editado por Jenny Read-Heimerdinger y Josep Rius-Camps en colaboración con Enric Muñarch.
264 ## - PRODUCCIÓN, PUBLICACIÓN, DISTRIBUCIÓN, FABRICACIÓN Y COPYRIGHT
Producción, publicación, distribución, fabricación y copyright Leiden :
Nombre del de productor, editor, distribuidor, fabricante Brill,
Fecha de producción, publicación, distribución, fabricación o copyright [2014].
300 ## - DESCRIPCIÓN FÍSICA
Extensión 315 páginas ;
Dimensiones 30 centímetros.
490 0# - MENCIÓN DE SERIE
Mención de serie (New Testament tools, studies, and documents)
505 ## - NOTA DE CONTENIDO CON FORMATO
Nota de contenido con formato Synopsis Matthew-Mark-Luke -- Synopsis Matthew-Mark-Luke -- Synopsis Matthew-Mark-Luke.
526 ## - NOTA DE INFORMACIÓN SOBRE EL PROGRAMA DE ESTUDIO
Nombre del programa Segunda Especialidad En Profecías Bíblicas
526 ## - NOTA DE INFORMACIÓN SOBRE EL PROGRAMA DE ESTUDIO
Nombre del programa Segunda Especialidad En Nuevo Testamento
526 ## - NOTA DE INFORMACIÓN SOBRE EL PROGRAMA DE ESTUDIO
Nombre del programa Segunda Especialidad En Antiguo Testamento
526 ## - NOTA DE INFORMACIÓN SOBRE EL PROGRAMA DE ESTUDIO
Nombre del programa Segunda Especialidad En Estudios Adventistas
526 ## - NOTA DE INFORMACIÓN SOBRE EL PROGRAMA DE ESTUDIO
Nombre del programa Doctorado en teología
526 ## - NOTA DE INFORMACIÓN SOBRE EL PROGRAMA DE ESTUDIO
Nombre del programa Maestría en teología histórica
526 ## - NOTA DE INFORMACIÓN SOBRE EL PROGRAMA DE ESTUDIO
Nombre del programa Maestría en teología bíblica
526 ## - NOTA DE INFORMACIÓN SOBRE EL PROGRAMA DE ESTUDIO
Nombre del programa Maestría en teología
526 ## - NOTA DE INFORMACIÓN SOBRE EL PROGRAMA DE ESTUDIO
Nombre del programa Maestría en misionología
526 ## - NOTA DE INFORMACIÓN SOBRE EL PROGRAMA DE ESTUDIO
Nombre del programa Maestría en liderazgo eclesiástico
526 ## - NOTA DE INFORMACIÓN SOBRE EL PROGRAMA DE ESTUDIO
Nombre del programa Teología
546 ## - NOTA DE IDIOMA
Nota de lengua/lenguaje Text in Greek with preface and introduction in English.
630 #0 - PUNTO DE ACCESO ADICIONAL DE MATERIA--TÍTULO UNIFORME
Título uniforme Biblia.
Nombre de parte o sección de la obra Evangelios
Subdivisión general Armonías,
9 (RLIN) 1721
Lenguaje de la obra Griego.
700 1# - ENTRADA AGREGADA--NOMBRE PERSONAL
Nombre de persona Read-Heimerdinger, Jenny.
Término indicativo de función/relación editor.
700 1# - ENTRADA AGREGADA--NOMBRE PERSONAL
Nombre de persona Rius-Camps, Josep.
Término indicativo de función/relación editor.
942 ## - ELEMENTOS DE ENTRADA SECUNDARIOS (KOHA)
Fuente del sistema de clasificación o colocación Clasificación Decimal Dewey
Tipo de ítem Koha Libros físicos
980 ## - EQUIVALENCIA O REFERENCIA-CRUZADA-MENCIÓN DE SERIE--NOMBRE DE PERSONA/TÍTULO [LOCAL, CANADÁ]
ID del usuario creador del registro 23148
Nombre del creador del registro Análisis Documental EVILA ACOSTA
ID del último usuario que modificó el registro 1
Nombre del último usuario que modificó el registro ALBERTO SANCHEZ Responsable de Automatización
Existencias
Visto por última vez Total de préstamos Signatura topográfica completa Código de barras Copia número Coste, precio de reemplazo Fecha de reemplazo Facultad Tipo de ítem Koha Estado de pérdida Fuente del sistema de clasificación o colocación Restricciones de uso No para préstamo Colección Programa académico Biblioteca de origen Biblioteca actual Ubicación en estantería Fecha de adquisición Fuente de adquisición
2025-12-02   226 G676 81556 e1 40.00   Teología Libros físicos No Perdido Clasificación Decimal Dewey No restringido Disponible para préstamos Colección General Teología Biblioteca CRAI UPeU Lima Biblioteca CRAI UPeU Lima Estante de Libros Grandes 2019-05-14 Anónimo.